Christian Denominations Quiz - Statistics

General Stats
  • This quiz has been taken 1,354 times
    273 since last reset
  • The average score is 10 of 18
Answer Stats
Answer % Correct
Catholicism
94%
Eastern Orthodoxy
90%
Lutheranism
87%
Baptists
83%
Church of Jesus Christ of Latter-day Saints
83%
Anglicanism
77%
Oriental Orthodoxy
71%
Jehovah's Witnesses
68%
Methodism
68%
Presbyterianism
68%
Pentecostal
55%
Seventh-day Adventist
50%
Continental Reformed
39%
Anabaptists
33%
Congregationalism
21%
Mennonites
18%
Christian Science
9%
Pietism
3%
No matching quizzes found
Score Distribution
Percent of People with Each Score
Percentile by Number Answered
Your Score History
You have not taken this quiz since the last reset